000
00315nam a2200121Ia 4500
008
241028s9999 xx 000 0 und d
041
_a
eng
082
_a
658.403 TUR
100
_a
Turban, Wali
245
_a
Information Technology For Management
260
_b
Wiley India
_a
New Delhi
_c
2022
300
_a
606;. p 28 cm.
999
_c
43080
_d
43080